00741nam a2200253Ia 4500003000400000005001700004008004100021020001500062040001800077041000800095082002000103100001900123245005500142250001200197260004200209300002400251650003700275650003400312650003600346650002200382650003500404650002200439650002600461OSt20250104094703.0210716s1995 xx 000 0 und d a8170295467 cAIMIT LIBRARY aeng a005.7401 bBAYI aBayross, Ivan. aOracle 7 :bcomplete reference /cBy Ivan Bayross. a1st ed. aNew Delhi :bBPB Publications ,c1995 a399 p.;cHBb24 cm. aUsing pl/sql blocks in sql forms aWorking with sql reportwriter aStored Procedures and functions aDatabase triggers aStored procedures and function aDatabase Triggers aReports using RPI RPS